000 00482nam a2200181Ia 4500
005 20250326141825.0
008 250326s9999 xx 000 0 und d
037 _aTextbook
040 _aFMSL
_beng
_cFMSL
041 _aeng
_2eng
084 _qFMSL
100 _aGill T
_9745119
245 0 _aEconomic development : Past and presetn
_cGill T
260 _aNew Delhi
_bNew Delhi, Prentice-Hall of India
_c1973
300 _a151p
942 _cTB
999 _c1292150
_d1292150